000 00443nam a2200205Ia 4500
001 13417
003 GE_BSU
008 181216s||||||||xx |||||||||||||| ||und||
020 _a9780141031385
040 _cGE_BSU
080 _a821.111-3
100 _aSilva,Daniel
245 4 _aThe Secret Servant
260 _aLondon
260 _bPenguin Books
260 _c2007
300 _a452p.20cm.
653 _aThe Secret Servant
942 _cBK
999 _c46578
_d46578